[Event "Sochi Doroshkevich Amateur op"]
[Site "Sochi"]
[Date "2017.12.23"]
[Round "3"]
[White "Vaseptsov, Maxim"]
[Black "Baglaev, Evgeniy"]
[Result "1/2-1/2"]
[WhiteElo "2296"]
[BlackElo "2112"]
[PlyCount "74"]
[EventDate "2017.12.21"]
[EventType "swiss"]
[EventRounds "9"]
[EventCountry "RUS"]
[SourceTitle "CBM 182 Extra"]
[Source "ChessBase"]
[SourceDate "2018.02.23"]
[SourceVersion "1"]
[SourceVersionDate "2018.02.23"]
[SourceQuality "1"]

1. Nf3 e6 2. g3 d5 3. Bg2 Nf6 4. 0-0 c5 5. d3 Nc6 6. Nbd2 g6 7. e4 Bg7 8. Qe2 0-0 9. c3 a5 10. Nh4 a4 11. f4 b6 12. Re1 Ba6 13. e5 Nd7 14. Nhf3 f6 15. exf6 Rxf6 16. Ng5 Nf8 17. Ndf3 h6 18. Nh3 Rf7 19. Bd2 Raa7 20. Nf2 a3 21. b3 Kh7 22. Rad1 Qc7 23. h4 c4 24. bxc4 dxc4 25. d4 Nxd4 26. Nxd4 Bxd4 27. cxd4 c3 28. Qe3 cxd2 29. Rxd2 Bb7 30. Ng4 Bxg2 31. Rxg2 Rf5 32. Ne5 Nd7 33. Nxg6 Kxg6 34. Qxe6+ Nf6 35. g4 Rxf4 36. g5 Kh7 37. gxf6 Qd7 1/2-1/2

[Event "Chigorin Memorial 20th"]
[Site "St Petersburg"]
[Date "2012.10.31"]
[Round "5"]
[White "Bazeev, German"]
[Black "Baglaev, Evgeniy"]
[Result "1-0"]
[WhiteElo "2319"]
[BlackElo "2099"]
[PlyCount "61"]
[EventDate "2012.10.27"]
[EventType "swiss"]
[EventRounds "9"]
[EventCountry "RUS"]
[SourceTitle "EXT 2013"]
[Source "ChessBase"]
[SourceDate "2012.11.22"]
[SourceVersion "1"]
[SourceVersionDate "2012.11.22"]
[SourceQuality "1"]

1. d4 d5 2. c4 e6 3. Nf3 Be7 4. g3 Nf6 5. Bg2 0-0 6. 0-0 dxc4 7. Qc2 a6 8. Qxc4 b5 9. Qc2 Bb7 10. Bd2 Be4 11. Qc1 Bb7 12. Re1 Nbd7 13. Ba5 Rc8 14. Nbd2 Nb6 15. e4 c5 16. dxc5 Bxc5 17. Qb1 Nfd7 18. Nb3 Bd6 19. Qd3 Bc7 20. Bb4 Re8 21. Red1 e5 22. Bh3 Qf6 23. Nh4 Rcd8 24. Qc2 Bb8 25. Nf5 Nf8 26. Rxd8 Qxd8 27. Na5 Ba8 28. Nc6 Qc7 29. Rc1 Kh8 30. Nd6 Bxc6 31. Nxe8 1-0

[Event "Buryatia-ch"]
[Site "Ulan-Ude"]
[Date "2012.09.26"]
[Round "5"]
[White "Malanova, Aryuna"]
[Black "Baglaev, Evgeniy"]
[Result "0-1"]
[WhiteElo "1892"]
[BlackElo "2099"]
[PlyCount "170"]
[EventDate "2012.09.22"]
[EventType "swiss"]
[EventRounds "9"]
[EventCountry "RUS"]
[SourceTitle "CBM 150 Extra"]
[Source "ChessBase"]
[SourceDate "2012.10.19"]
[SourceVersion "1"]
[SourceVersionDate "2012.10.19"]
[SourceQuality "1"]

1. e4 e6 2. d4 d5 3. Nc3 Bb4 4. e5 c5 5. a3 Bxc3+ 6. bxc3 Ne7 7. Qg4 Qc7 8. Qxg7 Rg8 9. Qxh7 cxd4 10. Qd3 Qxe5+ 11. Ne2 dxc3 12. Qxc3 Nbc6 13. Bb2 Qxc3+ 14. Nxc3 e5 15. 0-0-0 Be6 16. g3 Bg4 17. Be2 Rd8 18. h3 Bxe2 19. Nxe2 d4 20. g4 Na5 21. f4 f6 22. fxe5 fxe5 23. Ng3 Nc4 24. Ne4 Rg6 25. Rhf1 Nd5 26. Rf3 Nce3 27. Rd2 Rb6 28. Rdf2 Nf4 29. Bxd4 Rxd4 30. Rxe3 Rc6 31. Rd2 Kd8 32. Rxd4+ exd4 33. Rf3 Nd5 34. Rd3 Rc4 35. Nd2 Ra4 36. Nf3 Ke7 37. Nxd4 Nf4 38. Nf5+ Kf6 39. Rb3 b6 40. Kd2 Kg5 41. Re3 Nd5 42. Rd3 Nf4 43. Rg3 Ng6 44. Ke2 Nf4+ 45. Kf2 Ng6 46. h4+ Kf4 47. h5 Ne5 48. h6 Rc4 49. c3 Rc7 50. Ng7 Nxg4+ 51. Kg2 Ne3+ 52. Kh3 Rc6 53. Nh5+ Ke4 54. h7 Rh6 55. Kh4 Rxh7 56. Kg5 Rh8 57. Nf6+ Kd3 58. Kf4 Rh4+ 59. Kg5 Rh8 60. Kf4 Rh4+ 61. Kg5 Rh1 62. Nd5 Re1 63. Kf4 Rf1+ 64. Ke5 Rf5+ 65. Ke6 Rxd5 66. Rxe3+ Kc4 67. Re4+ Kc5 68. Ra4 a5 69. Rg4 Rd3 70. Rg8 Rxc3 71. Rc8+ Kd4 72. Rb8 Rc6+ 73. Kd7 Rh6 74. Kc7 Kc5 75. Kb7 Kb5 76. Re8 Rh7+ 77. Kc8 Ka4 78. Re3 b5 79. Re4+ b4 80. axb4 axb4 81. Re6 Ka3 82. Rb6 b3 83. Ra6+ Kb2 84. Rb6 Kc2 85. Rc6+ Kb1 0-1

[Event "Izmailov Memorial op 16th"]
[Site "Tomsk"]
[Date "2012.08.14"]
[Round "9"]
[White "Baglaev, Evgeniy"]
[Black "Shkurikhin, Ilia"]
[Result "1/2-1/2"]
[WhiteElo "2088"]
[BlackElo "2398"]
[PlyCount "113"]
[EventDate "2012.08.06"]
[EventType "swiss"]
[EventRounds "9"]
[EventCountry "RUS"]
[SourceTitle "CBM 149 Extra"]
[Source "ChessBase"]
[SourceDate "2012.08.24"]
[SourceVersion "1"]
[SourceVersionDate "2012.08.24"]
[SourceQuality "1"]

1. Nf3 d5 2. d4 Nf6 3. c4 e6 4. Nc3 Nbd7 5. cxd5 exd5 6. Bg5 Be7 7. e3 0-0 8. Bd3 Re8 9. 0-0 Nf8 10. Qc2 g6 11. h3 Ne6 12. Bh4 Ng7 13. Bg3 c6 14. Rab1 Bf5 15. b4 Bxd3 16. Qxd3 Nf5 17. Bf4 Bd6 18. Be5 Ne4 19. Bxd6 Nfxd6 20. a4 a5 21. b5 Nxc3 22. Qxc3 cxb5 23. axb5 Rc8 24. Qb3 Nc4 25. Rfd1 Qd6 26. Ra1 Re7 27. Ne5 f6 28. Nd3 b6 29. Nf4 Rec7 30. Ra2 Qd7 31. Raa1 g5 32. Nd3 Qf7 33. Rac1 Nd6 34. Rxc7 Rxc7 35. Rc1 Rc4 36. Ra1 Ne4 37. Rd1 Nc3 38. Re1 a4 39. Qb2 Qd7 40. Ra1 Nxb5 41. Nb4 Nc3 42. Nd3 Qd6 43. Ra3 Nd1 44. Qa1 b5 45. Nc5 Nxf2 46. Kxf2 Rc2+ 47. Kg1 Qg3 48. Qf1 Kg7 49. Rd3 h5 50. e4 Qd6 51. exd5 Qxd5 52. Qf3 Qd6 53. Ne4 Rc1+ 54. Kf2 Rc2+ 55. Kg1 Rc1+ 56. Kf2 Rc2+ 57. Kg1 1/2-1/2

[Event "Izmailov Memorial op 16th"]
[Site "Tomsk"]
[Date "2012.08.07"]
[Round "2"]
[White "Egorov, Alexander"]
[Black "Baglaev, Evgeniy"]
[Result "1/2-1/2"]
[WhiteElo "1973"]
[BlackElo "2088"]
[PlyCount "111"]
[EventDate "2012.08.06"]
[EventType "swiss"]
[EventRounds "9"]
[EventCountry "RUS"]
[SourceTitle "CBM 149 Extra"]
[Source "ChessBase"]
[SourceDate "2012.08.24"]
[SourceVersion "1"]
[SourceVersionDate "2012.08.24"]
[SourceQuality "1"]

1. e4 e6 2. d4 d5 3. Nd2 Nf6 4. e5 Nfd7 5. Bd3 c5 6. c3 Nc6 7. Ne2 cxd4 8. cxd4 f6 9. exf6 Nxf6 10. 0-0 Bd6 11. Nf3 Qc7 12. Bg5 0-0 13. Rc1 Qf7 14. Bf4 Bxf4 15. Nxf4 Ne4 16. Ne2 Nf6 17. Bb5 Bd7 18. Bxc6 Bxc6 19. Ne5 Qe8 20. Nc3 Rc8 21. Re1 Qh5 22. Qxh5 Nxh5 23. Nd3 Nf4 24. Rcd1 Rce8 25. g3 Nxd3 26. Rxd3 Rf5 27. Rde3 e5 28. Rxe5 Rfxe5 29. Rxe5 Rxe5 30. dxe5 d4 31. Nb1 Kf7 32. Nd2 Ke6 33. f4 g5 34. fxg5 Kxe5 35. Kf2 Kf5 36. h4 b6 37. Nf3 Ke4 38. h5 Bd5 39. g4 Kf4 40. g6 hxg6 41. h6 Bg8 42. Nxd4 Kxg4 43. Nc6 Kg5 44. Ne7 Bh7 45. Nc8 a6 46. Nxb6 Kxh6 47. b4 g5 48. Na4 Bg8 49. a3 Bd5 50. Nc3 Bc6 51. a4 Kg6 52. b5 axb5 53. axb5 Bb7 54. Na4 Kf5 55. Nc5 Bd5 56. b6 1/2-1/2

[Event "RUS-ch U26"]
[Site "Novokuznetsk"]
[Date "2007.10.25"]
[Round "4"]
[White "Ajrapetian, Gevorg"]
[Black "Baglaev, Evgeniy"]
[Result "1-0"]
[WhiteElo "2246"]
[BlackElo "2138"]
[PlyCount "103"]
[EventDate "2007.10.22"]
[EventType "swiss"]
[EventRounds "9"]
[EventCountry "RUS"]
[SourceTitle "EXT 2009"]
[Source "ChessBase"]
[SourceDate "2008.11.26"]
[SourceVersion "1"]
[SourceVersionDate "2008.11.26"]
[SourceQuality "1"]

1. e4 e6 2. d4 d5 3. Nd2 Nf6 4. e5 Nfd7 5. Bd3 c5 6. c3 Nc6 7. Ne2 Qb6 8. Nf3 f6 9. exf6 Nxf6 10. 0-0 Bd6 11. Ng3 0-0 12. Re1 Bd7 13. Bc2 Rae8 14. Rb1 e5 15. dxe5 Nxe5 16. Nxe5 Bxe5 17. Bg5 Bxg3 18. hxg3 Rxe1+ 19. Qxe1 Ng4 20. Qe7 c4 21. Be3 Nxe3 22. fxe3 Qd8 23. Qxd8 Rxd8 24. Rd1 Bc6 25. Be4 g6 26. Bf3 Kf7 27. Rd4 b5 28. Kf2 Ke6 29. Rh4 h5 30. g4 hxg4 31. Rxg4 Kf6 32. Rd4 Rd6 33. Kg3 Ke5 34. Kh4 a5 35. Kg5 b4 36. Rh4 Bd7 37. Rh7 bxc3 38. bxc3 Be8 39. Re7+ Re6 40. Ra7 a4 41. Ra5 Rd6 42. e4 Bf7 43. exd5 Bxd5 44. Rxa4 Bxf3 45. gxf3 Rd3 46. f4+ Kd5 47. Kxg6 Rxc3 48. f5 Rg3+ 49. Kf7 c3 50. Ra8 Rg4 51. Rd8+ Ke5 52. f6 1-0

[Event "Ulan-Ude Elo"]
[Site "Ulan-Ude"]
[Date "2007.09.24"]
[Round "8"]
[White "Baglaev, Evgeniy"]
[Black "Barlakov, Arsalan"]
[Result "0-1"]
[WhiteElo "2138"]
[BlackElo "2253"]
[PlyCount "102"]
[EventDate "2007.09.17"]
[EventType "tourn"]
[EventRounds "14"]
[EventCountry "RUS"]
[SourceTitle "EXT 2009"]
[Source "ChessBase"]
[SourceDate "2008.11.26"]
[SourceVersion "1"]
[SourceVersionDate "2008.11.26"]
[SourceQuality "1"]

1. d4 Nf6 2. c4 e6 3. Nf3 c5 4. d5 exd5 5. cxd5 d6 6. Nc3 g6 7. e4 Bg7 8. Bd3 0-0 9. 0-0 Re8 10. Re1 a6 11. a4 Bg4 12. h3 Bxf3 13. Qxf3 Nbd7 14. Qg3 Qc7 15. Be3 Ne5 16. Be2 Qb6 17. Reb1 Qc7 18. f4 Nxe4 19. Nxe4 Nc4 20. Bf2 Rxe4 21. Bd3 Re3 22. Bxe3 Nxe3 23. Qf3 Bd4 24. Kh2 c4 25. Bf1 Nxf1+ 26. Qxf1 Qc5 27. Qf3 Re8 28. Re1 Rxe1 29. Rxe1 Bxb2 30. Qe4 Bf6 31. Re2 b5 32. Qe8+ Kg7 33. Qb8 Qxd5 34. Re8 h5 35. Rh8 Be7 36. Re8 Qe4 37. axb5 axb5 38. Qxb5 Qxf4+ 39. g3 Qf2+ 40. Kh1 Bf6 41. Qxc4 Bd4 42. Qc1 Qxg3 43. Re2 Qxh3+ 44. Rh2 Qf3+ 45. Rg2 h4 46. Kh2 h3 47. Rc2 Be5+ 48. Kg1 h2+ 49. Rxh2 Bd4+ 50. Rf2 Bxf2+ 51. Kf1 Bg3+ 0-1

[Event "Buryatia-ch"]
[Site "Ulan-Ude"]
[Date "2006.12.06"]
[Round "5"]
[White "Baglaev, Evgeniy"]
[Black "Namgilov, Sogto"]
[Result "0-1"]
[WhiteElo "2090"]
[BlackElo "2434"]
[PlyCount "101"]
[EventDate "2006.12.02"]
[EventType "swiss"]
[EventRounds "9"]
[EventCountry "RUS"]
[SourceTitle "EXT 2008"]
[Source "ChessBase"]
[SourceDate "2007.11.25"]
[SourceVersion "1"]
[SourceVersionDate "2007.11.25"]
[SourceQuality "1"]

1. c4 e5 2. Nc3 Nf6 3. g3 Bb4 4. Bg2 0-0 5. Nf3 Re8 6. 0-0 e4 7. Nd4 Nc6 8. Nc2 Bxc3 9. dxc3 Qe7 10. Ne3 d6 11. Nd5 Nxd5 12. cxd5 Nb8 13. Qd4 Nd7 14. f3 a5 15. c4 a4 16. Bd2 Nc5 17. Bc3 f6 18. f4 Bg4 19. Qe3 Qd7 20. Bd4 b6 21. b4 Nb7 22. a3 Nd8 23. b5 Nf7 24. Qd2 e3 25. Bxe3 Re7 26. Bf3 Rae8 27. Bf2 Qf5 28. Rfe1 Nh6 29. e4 Qh5 30. Bg2 Bf3 31. Qd3 Bxg2 32. Kxg2 Ng4 33. h4 Qg6 34. f5 Ne5 35. fxg6 Nxd3 36. gxh7+ Kxh7 37. Re3 Nc5 38. e5 dxe5 39. g4 Rd7 40. Rae1 Nb7 41. Bg3 Kg6 42. Kf3 Kf7 43. h5 Rh8 44. Rh1 Na5 45. Rc3 Nb3 46. Rh2 Re7 47. Re3 Nd4+ 48. Kf2 Ke8 49. Kf1 Kd7 50. g5 Kd6 51. h6 0-1

[Event "Buryatia-ch"]
[Site "Ulan-Ude"]
[Date "2006.12.05"]
[Round "4"]
[White "Zandanov, Budozhap"]
[Black "Baglaev, Evgeniy"]
[Result "0-1"]
[WhiteElo "2149"]
[BlackElo "2090"]
[PlyCount "52"]
[EventDate "2006.12.02"]
[EventType "swiss"]
[EventRounds "9"]
[EventCountry "RUS"]
[SourceTitle "EXT 2008"]
[Source "ChessBase"]
[SourceDate "2007.11.25"]
[SourceVersion "1"]
[SourceVersionDate "2007.11.25"]
[SourceQuality "1"]

1. e4 d5 2. e5 c5 3. b4 cxb4 4. d4 Bf5 5. a3 e6 6. axb4 Bxb4+ 7. c3 Be7 8. Bb5+ Nc6 9. Qa4 Qc7 10. Ne2 h5 11. Nd2 Nh6 12. h3 f6 13. exf6 Bxf6 14. Nf1 Nf7 15. Neg3 Bg6 16. Ra2 h4 17. Ne2 0-0 18. Nf4 Bf5 19. Qd1 Nd6 20. Bd3 Rae8 21. Ne3 Bxd3 22. Nxd3 Ne4 23. Bb2 Bg5 24. Ng4 Bd2+ 25. Kf1 Bxc3 26. Kg1 Bxd4 0-1